| 000 | 00357nam a2200145Ia 4500 | ||
|---|---|---|---|
| 008 | 230312s9999||||xx |||||||||||||| ||und|| | ||
| 020 | _a81-265-1113-6 | ||
| 082 |
_a612 _bCHR-A |
||
| 100 | _aChristian;Gray.D | ||
| 245 | 0 | _aAnalytical Chemistry | |
| 260 |
_bJohn Wiley _ Sons _aIndia _c2013 |
||
| 300 | _a828 | ||
| 650 |
_aPharmacy _vChemistry |
||
| 942 | _cBK | ||
| 999 |
_c10873 _d10873 |
||